La unión europea y el comercio mundial
Gorde:
| Formatua: | Liburua |
|---|---|
| Hizkuntza: | gaztelania |
| Argitaratua: |
Bruselas
Comisión Europea
1999
|
| Saila: | Europa en Movimiento
|
| Gaiak: | |
| Etiketak: |
Etiketa erantsi
Etiketarik gabe, Izan zaitez lehena erregistro honi etiketa jartzen!
|
MARC
| LEADER | 00000nam a2200000 a 4500 | ||
|---|---|---|---|
| 001 | UCO3300 | ||
| 003 | CL-VaPUC | ||
| 008 | 000720e19990000BE |||||||||||||||||spa|d | ||
| 082 | 0 | 4 | |a 337.142 |b UNI |2 21 |
| 245 | 1 | 3 | |a La unión europea y el comercio mundial |
| 300 | |a 21 p | ||
| 942 | |c BK | ||
| 945 | |d 20000720 00:00:00 |a vberengu | ||
| 260 | |a Bruselas |b Comisión Europea |c 1999 | ||
| 650 | 7 | |a COMERCIO INTERNACIONAL |2 CL-VaPUC |9 447351 | |
| 650 | 7 | |a COMUNIDADES EUROPEAS |2 CL-VaPUC |9 320736 | |
| 650 | 0 | |a Economía internacional |9 258254 | |
| 650 | 7 | |a SISTEMAS ECONOMICOS INTERNACIONALES |2 CL-VaPUC |9 338633 | |
| 583 | |a last modification |c 20000720 00:00:00 |k Rodrigo Vera | ||
| 490 | 0 | |a Europa en Movimiento | |
| 999 | |c 289764 |d 289762 | ||
| 952 | |0 0 |1 0 |2 ddc |4 0 |6 337_142000000000000_UNI_1999 |7 0 |8 A |9 338452 |a BIBDER |b BIBDER |d 2019-11-20 |i 3588092 |o 337.142 UNI 1999 |p 3588092 |r 2023-01-25 |w 2019-11-20 |y MX |k DER | ||